La Revolución Mexicana : (Record no. 193501)

MARC details
000 -LEADER
campo de control de longitud fija 01877nam a2200397 i 4500
001 - NÚMERO DE CONTROL
campo de control 193501
003 - IDENTIFICADOR DE NÚMERO DE CONTROL
campo de control ES-MaACL
005 - FECHA Y HORA DE LA ÚLTIMA TRANSACCIÓN
campo de control 20240901153425.0
007 - CAMPO FIJO DE DESCRIPCIÓN FÍSICA--INFORMACIÓN GENERAL
campo de control de longitud fija ta
008 - DATOS DE LONGITUD FIJA--INFORMACIÓN GENERAL
campo de control de longitud fija 240103c2010 mx 000 spa c
020 ## - NÚMERO INTERNACIONAL ESTÁNDAR DEL LIBRO
Número Internacional Estándar del Libro 9786071604002
020 ## - NÚMERO INTERNACIONAL ESTÁNDAR DEL LIBRO
Número Internacional Estándar del Libro 9700506312
Información calificativa (Obra completa)
035 ## - NÚMERO DE CONTROL DEL SISTEMA
Número de control de sistema (ES-BaCBU).b68371986
035 ## - NÚMERO DE CONTROL DEL SISTEMA
Número de control de sistema 991034400309706706
040 ## - FUENTE DE CATALOGACIÓN
Centro catalogador/agencia de origen SpMaUCCP.
Lengua de catalogación spa
Centro/agencia transcriptor ES-MaACL
080 ## - NÚMERO DE LA CLASIFICACIÓN DECIMAL UNIVERSAL
Número de la Clasificación Decimal Universal 94(72).051
Identificador de la edición 2004
100 1# - ENTRADA PRINCIPAL--NOMBRE DE PERSONA
Nombre de persona Knight, Alan,
Fechas asociadas al nombre 1946-
9 (RLIN) 234809
245 13 - MENCIÓN DEL TÍTULO
Título La Revolución Mexicana :
Resto del título del profiriato al nuevo régimen constitucional /
Mención de responsabilidad, etc. Alan Knight ; Traducción Luis Cortés Bargalló ; Revisión de la traducción Argelia Castillo Cano.
260 ## - PUBLICACIÓN, DISTRIBUCIÓN, ETC.
Lugar de publicación, distribución, etc. México :
Nombre del editor, distribuidor, etc. Fondo de Cultura Económica,
Fecha de publicación, distribución, etc. 2010.
300 ## - DESCRIPCIÓN FÍSICA
Extensión 1405 p. :
Otras características físicas il. ;
Dimensiones 23 cm
336 ## - TIPO DE CONTENIDO
Fuente rdacontent
Término de tipo de contenido Texto
337 ## - TIPO DE MEDIO
Fuente rdamedia
Nombre/término del tipo de medio sin mediación
338 ## - TIPO DE SOPORTE
Fuente rdacarrier
Nombre/término del tipo de soporte volumen
500 ## - NOTA GENERAL
Nota general Traducción de: The Mexican revolution.
530 ## - NOTA DISPONIBLE DE FORMULARIO FÍSICO ADICIONAL
Nota de formato físico adicional disponible Versión digital: http://www.iunma.edu.ar/doc/MB/lic_historia_mat_bibliografico/Historia%20Latinoamericana%20II/Unidad%202/Knight_Alan_La_Revolucion_mexicana._Del.pdf
651 #7 - PUNTO DE ACCESO ADICIONAL DE MATERIA--NOMBRE GEOGRÁFICO
Nombre geográfico México-
Subdivisión general Historia-
Subdivisión cronológica 1910-1917, Revolución armada
9 (RLIN) 151495
700 1# - ENTRADA AGREGADA--NOMBRE PERSONAL
Nombre de persona Cortés Bargalló, Luis,
9 (RLIN) 234810
852 ## - LOCALIZACIÓN
Ubicación ES-MaACL
Sublocalización o colección R.154900
Ubicación en estantería Depósito J
Número de control de estantería N-9649
Donativo/Legado Donación: José Lázaro García
itemnumber 200981
Encuadernación Encuadernación rústica con solapas
856 4# - LOCALIZACIÓN Y ACCESO ELECTRÓNICOS
Materiales especificados Versión digital
Identificador Uniforme de Recursos <a href="http://www.iunma.edu.ar/doc/MB/lic_historia_mat_bibliografico/Historia%20Latinoamericana%20II/Unidad%202/Knight_Alan_La_Revolucion_mexicana._Del.pdf">http://www.iunma.edu.ar/doc/MB/lic_historia_mat_bibliografico/Historia%20Latinoamericana%20II/Unidad%202/Knight_Alan_La_Revolucion_mexicana._Del.pdf</a>
903 ## - NOMBRE PERSONAL DE DONANTE
9 234219
a Lázaro García, José
e Donante
942 ## - ELEMENTOS DE ENTRADA SECUNDARIOS (KOHA)
Suprimir en OPAC No
Tipo de ítem Koha Libro impreso
Holdings
Estatus retirado Estado de pérdida Fuente del sistema de clasificación o colocación Estado de daño No para préstamo Biblioteca de origen Biblioteca actual Ubicación en estantería Fecha de adquisición Fuente de adquisición Total de préstamos Signatura topográfica completa Código de barras Visto por última vez Precio de reemplazo Tipo de ítem Koha
    Clasificación decimal universal     Biblioteca del Ateneo de Madrid Biblioteca del Ateneo de Madrid Depósito J 13/12/2023 Donación   N-9649 101206261 03/01/2024 03/01/2024 Libro impreso